000 01248cam a22003254a 4500
001 15683028
003 OSt
005 20241023202658.0
008 090402s2008 gh fak b 001 0 eng d
010 _a 2009334145
020 _a9789988758622
020 _a9988758634
035 _a(OCoLC)ocn297239963
040 _aCU-L
_cCU-L
_dDLC
042 _alccopycat
_alcode
043 _af-gh---
050 0 0 _aKRX3480
_b.B76 2008
100 1 _aBrobbey, S. A.
_d2008
245 1 4 _aThe law of chieftaincy in Ghana :
_bincorporating customary arbitration, contempt of court, judicial review /
_cby S.A. Brobbey.
246 3 0 _aChieftaincy in Ghana
260 _aAccra, Ghana :
_bAdvanced Legal Publications,
_c2008.
300 _aliv, 704 p., [16] p. of plates :
_bcol. ill. : forms ;
_c21 cm.
_eappendix, index and biblography
504 _aIncludes bibliographical references (p. 703-704) and index.
600 _2Chieftaincy Law
650 0 _aCustomary law courts
_zGhana.
650 0 _aChiefdoms
_zGhana.
906 _a7
_bcbc
_ccopycat
_d2
_encip
_f20
_gy-gencatlg
942 _2lcc
_cBK
_n0
999 _c152
_d152